[Event "Foment Martinenc op-C 24th"]
[Site "Barcelona"]
[Date "2024.05.25"]
[Round "6"]
[White "Rodriguez Lopez, Yeray"]
[Black "Llop Ruiz, Ruben Fernando"]
[Result "1-0"]
[WhiteElo "1700"]
[BlackElo "1602"]
[PlyCount "112"]
[EventDate "2024.04.20"]
[EventType "swiss"]
[EventRounds "9"]
[EventCountry "ESP"]
[SourceTitle "CBM 220 Extra"]
[Source "ChessBase"]
[SourceDate "2024.07.31"]
[SourceVersion "1"]
[SourceVersionDate "2024.07.31"]
[SourceQuality "1"]

1. e4 e5 2. Nf3 Nc6 3. Bc4 Bc5 4. c3 Nf6 5. d3 0-0 6. 0-0 a6 7. a4 a5 8. Be3 Bxe3 9. fxe3 d6 10. Nbd2 b6 11. d4 Bg4 12. Bd5 Nxd5 13. exd5 Bxf3 14. Nxf3 Ne7 15. e4 f6 16. b4 f5 17. Qe2 fxe4 18. Qxe4 exd4 19. Nxd4 Qd7 20. Rxf8+ Rxf8 21. Qe6+ Qxe6 22. Nxe6 Rc8 23. bxa5 bxa5 24. Rd1 Nf5 25. Rd3 c6 26. dxc6 Rxc6 27. Rf3 d5 28. Rxf5 Rxe6 29. Rxd5 Rc6 30. Rxa5 Rxc3 31. Rb5 Ra3 32. a5 Kf7 33. Kf2 Ke6 34. Rb6+ Kd7 35. Rb7+ Kc6 36. Rxg7 Rxa5 37. Rxh7 Rf5+ 38. Ke3 Kd5 39. g4 Re5+ 40. Kf3 Ke6 41. Kf4 Re1 42. g5 Rf1+ 43. Kg4 Rg1+ 44. Kh5 Rg2 45. h4 Rg3 46. Kh6 Kf5 47. Rg7 Kg4 48. g6 Rh3 49. Rh7 Re3 50. h5 Re6 51. Kg7 Ra6 52. Rh8 Ra7+ 53. Kh6 Ra5 54. g7 Rxh5+ 55. Kg6 Rg5+ 56. Kf6 Rf5+ 1-0

[Event "Foment Martinenc op-C 24th"]
[Site "Barcelona"]
[Date "2024.05.11"]
[Round "4"]
[White "Llop Ruiz, Ruben Fernando"]
[Black "Membrives Pino, Didac"]
[Result "0-1"]
[WhiteElo "1602"]
[BlackElo "1736"]
[PlyCount "40"]
[EventDate "2024.04.20"]
[EventType "swiss"]
[EventRounds "9"]
[EventCountry "ESP"]
[SourceTitle "CBM 220 Extra"]
[Source "ChessBase"]
[SourceDate "2024.07.31"]
[SourceVersion "1"]
[SourceVersionDate "2024.07.31"]
[SourceQuality "1"]

1. e4 d6 2. Nf3 Nf6 3. Nc3 e5 4. d4 Nbd7 5. Bc4 Be7 6. Be3 c6 7. Qd2 0-0 8. g4 b5 9. Bb3 b4 10. Bxf7+ Rxf7 11. Ng5 bxc3 12. Qxc3 Nxe4 13. Nxe4 exd4 14. Qxd4 d5 15. Nc3 Bf6 16. Qd3 Ne5 17. Qe2 Bxg4 18. Qa6 d4 19. Ne4 dxe3 20. Nxf6+ Qxf6 0-1

[Event "Barcelona Sant Marti op-B 23rd"]
[Site "Barcelona"]
[Date "2023.07.18"]
[Round "6"]
[White "Llanos Jimenez, Mauro Felipe"]
[Black "Llop Ruiz, Ruben Fernando"]
[Result "1-0"]
[WhiteElo "1641"]
[BlackElo "1365"]
[PlyCount "65"]
[EventDate "2023.07.13"]
[EventType "swiss"]
[EventRounds "9"]
[EventCountry "ESP"]
[SourceTitle "CBM 215 Extra"]
[Source "ChessBase"]
[SourceDate "2023.09.30"]
[SourceVersion "1"]
[SourceVersionDate "2023.09.30"]
[SourceQuality "1"]

1. d4 d5 2. Bf4 Nf6 3. e3 e6 4. Bd3 Bd6 5. Bg3 Nc6 6. c3 Ne4 7. Nd2 Nxg3 8. hxg3 g6 9. Ngf3 e5 10. dxe5 Nxe5 11. Bc2 Bg4 12. Qe2 Qd7 13. Nxe5 Bxe5 14. Nf3 Bd6 15. 0-0-0 0-0-0 16. Rxd5 Be6 17. Ra5 Kb8 18. Rd1 Qc6 19. Ba4 Bc4 20. Qd2 b5 21. Nd4 Qb6 22. Bb3 Qxa5 23. Nc6+ Kc8 24. Nxa5 Bxb3 25. Nxb3 Bxg3 26. Qe2 Rxd1+ 27. Kxd1 Rd8+ 28. Kc2 Bh4 29. Qg4+ f5 30. Qxh4 h5 31. Nc5 Rd5 32. b4 c6 33. Qf6 1-0

[Event "Foment Martinenc op-C 23rd"]
[Site "Barcelona"]
[Date "2023.04.29"]
[Round "2"]
[White "Gonzalez Trigo, Jose Luis"]
[Black "Llop Ruiz, Ruben Fernando"]
[Result "1-0"]
[WhiteElo "1423"]
[BlackElo "1365"]
[PlyCount "63"]
[EventDate "2023.04.22"]
[EventType "swiss"]
[EventRounds "9"]
[EventCountry "ESP"]
[SourceTitle "EXT 2024"]
[Source "ChessBase"]
[SourceDate "2023.10.10"]
[SourceVersion "1"]
[SourceVersionDate "2023.10.10"]
[SourceQuality "1"]

1. e4 e5 2. Nf3 Nc6 3. Bb5 a6 4. Ba4 Nf6 5. 0-0 d6 6. d3 Bg4 7. Bxc6+ bxc6 8. Nbd2 Be7 9. c3 0-0 10. Qc2 c5 11. h3 Be6 12. Re1 Nh5 13. d4 cxd4 14. cxd4 Nf4 15. dxe5 dxe5 16. Nxe5 Bd6 17. Ndf3 Bxe5 18. Nxe5 Qg5 19. Bxf4 Qxf4 20. Nd3 Qg5 21. Re3 Qe7 22. Qc5 Qd8 23. Nf4 Rb8 24. Nxe6 fxe6 25. b3 Qd2 26. Rg3 Rf6 27. Qe3 Qd7 28. Qc3 Rbf8 29. Rd3 Qf7 30. f3 Qg6 31. Rad1 Rxf3 32. Rxf3 1-0

[Event "Foment Martinenc op-C 22nd"]
[Site "Barcelona"]
[Date "2022.06.18"]
[Round "9"]
[White "Llop Ruiz, Ruben Fernando"]
[Black "Abascal Vicente, Ignacio"]
[Result "0-1"]
[WhiteElo "1700"]
[BlackElo "1829"]
[PlyCount "46"]
[EventDate "2022.04.23"]
[EventType "swiss"]
[EventRounds "9"]
[EventCountry "ESP"]
[SourceTitle "EXT 2023"]
[Source "ChessBase"]
[SourceDate "2022.10.05"]
[SourceVersion "1"]
[SourceVersionDate "2022.10.05"]
[SourceQuality "1"]

1. e4 e5 2. Nf3 Nc6 3. Nc3 Nf6 4. Bb5 a6 5. Ba4 b5 6. Bb3 Bc5 7. a3 0-0 8. d3 h6 9. Be3 Bxe3 10. fxe3 d6 11. Qd2 Na5 12. Ba2 c5 13. Nd5 Nxd5 14. exd5 f5 15. e4 f4 16. 0-0-0 Nb7 17. c4 Bd7 18. b4 a5 19. bxc5 Nxc5 20. cxb5 Bxb5 21. Nxe5 dxe5 22. d6+ Kh8 23. Bc4 Bxc4 0-1